| 000 | 00845nam a2200253 a 4500 | ||
|---|---|---|---|
| 001 | 000006286 | ||
| 005 | 20240501193633.0 | ||
| 008 | 090827t2004 dr r 000 0 spa d | ||
| 020 | _a9993479063 | ||
| 040 |
_aDO-SdBNP _bspa _cBNPHU |
||
| 082 |
_a374.013 _bB352t |
||
| 100 | 1 |
_aBautista Pérez, Juan _917551 |
|
| 245 | 1 | 3 |
_aLa tecnopedagogía como ciencia de la educación técnica / _cJuan Bautista Pérez. |
| 260 |
_aSanto Domingo, : _bPRO-ETP, _c2004. |
||
| 300 |
_a327 p. ; _c23 cm. |
||
| 500 | _aIncluye datos biográficos del autor. | ||
| 504 | _aBibliografía : p. 315-327. | ||
| 590 | _aInventariado, 2018/BT | ||
| 650 | 4 |
_aEducación tecnologica _917552 |
|
| 650 | 4 |
_aTecnicas de enseñanza _917438 |
|
| 650 | 4 |
_aAdministración escolar _917493 |
|
| 650 | 0 |
_aEducación superior _9736 |
|
| 910 | _aValidado. Control de calidad. EMS | ||
| 999 |
_c6081 _d6081 |
||